000 00715nam a2200193 i 4500
001 88036
003 ES-MaACL
005 20231227062549.0
007 t|
008 050103s1907 sp |||| | spa d
100 1 _aLabra, Rafael M. de,
_d1840-1918
_969273
245 1 3 _aLa Constitución de Cádiz de 1812
_b: declaraciones, instituciones, garantías, desenvolvimientos : conferencias dadas en el Fomentode las Artes de Madrid /
_cRafael M. de Labra.
260 _aMadrid :
_b[s.n.],
_c1907 (
_fTip. de Alfredo Alonso)
300 _a80 p. ;
_c16 cm.
610 1 _aEspaña.
_tConstitución, 1812.
_93652
852 _aES-MaACL
_jR-3135
_x Olim:D-4931
852 _aES-MaACL
_jT-1206-F-5
999 _c88036
_d88036